[Event "Bangkok Big Rook op 4th"]
[Site "Bangkok"]
[Date "2024.05.06"]
[Round "9"]
[White "Budhidharma, Nayaka"]
[Black "Kao, Jamison Edrich"]
[Result "1-0"]
[WhiteElo "2226"]
[BlackElo "2145"]
[PlyCount "89"]
[EventDate "2024.05.01"]
[EventType "swiss"]
[EventRounds "9"]
[EventCountry "THA"]
[SourceTitle "CB19_2024"]
[SourceDate "2024.05.08"]
[SourceVersion "1"]
[SourceVersionDate "2024.05.08"]
[SourceQuality "1"]

1. e4 c5 2. Nf3 d6 3. d4 cxd4 4. Nxd4 Nf6 5. Nc3 Bd7 6. Bg5 e6 7. Qd2 a6 8. 0-0-0 h6 9. Bxf6 gxf6 10. Be2 h5 11. Kb1 b5 12. Bf3 Nc6 13. Nxc6 Bxc6 14. h4 Qb6 15. Rhe1 Bb7 16. Qf4 Be7 17. Rd2 Rc8 18. Red1 Rc5 19. Qe3 Qc7 20. Ne2 f5 21. exf5 Rxf5 22. Bxb7 Qxb7 23. Nd4 Re5 24. Qa3 Rg8 25. g3 Rg4 26. Qb3 Rc5 27. a3 Rc4 28. c3 d5 29. Re1 Bf6 30. Nc2 Rge4 31. Ne3 d4 32. cxd4 Rcxd4 33. Red1 Qd7 34. Qc2 Rxd2 35. Rxd2 Rd4 36. Rxd4 Qxd4 37. Ng2 e5 38. Qc6+ Ke7 39. Ne3 Qd3+ 40. Ka2 Bh8 41. Nd5+ Kf8 42. Qh6+ Ke8 43. Qxh8+ Kd7 44. Qxe5 Qc4+ 45. b3 1-0

[Event "Bangkok Big Rook op 4th"]
[Site "Bangkok"]
[Date "2024.05.05"]
[Round "7"]
[White "Kaushik, Ashwath"]
[Black "Budhidharma, Nayaka"]
[Result "1/2-1/2"]
[WhiteElo "1942"]
[BlackElo "2226"]
[PlyCount "111"]
[EventDate "2024.05.01"]
[EventType "swiss"]
[EventRounds "9"]
[EventCountry "THA"]
[SourceTitle "CB19_2024"]
[SourceDate "2024.05.08"]
[SourceVersion "1"]
[SourceVersionDate "2024.05.08"]
[SourceQuality "1"]

1. e4 c5 2. Nf3 d6 3. d4 cxd4 4. Nxd4 Nf6 5. Nc3 a6 6. Bg5 e6 7. f4 Be7 8. Qf3 Qc7 9. 0-0-0 Nbd7 10. g4 h6 11. Bxf6 Bxf6 12. h4 Nb6 13. g5 Bxd4 14. Rxd4 Qc5 15. Rd2 Bd7 16. Be2 Na4 17. Nxa4 Bxa4 18. g6 0-0 19. Qh3 Rae8 20. Bg4 fxg6 21. Bxe6+ Kh8 22. f5 Bc6 23. Re1 gxf5 24. exf5 Rxf5 25. b4 Qb5 26. c4 Rxe6 27. cxb5 Rxe1+ 28. Rd1 Rxd1+ 29. Kxd1 Rxb5 30. Qe6 Kh7 31. Kc2 Rh5 32. Kc3 Rxh4 33. Qf5+ Kg8 34. Qe6+ Kf8 35. Qxd6+ Kf7 36. Qc7+ Kg6 37. Qg3+ Kh5 38. Qxg7 Rg4 39. Qf7+ Kg5 40. Qg7+ Kh5 41. Qe5+ Rg5 42. Qe2+ Kg6 43. Qe6+ Kg7 44. Qe7+ Kg6 45. Kd4 Rd5+ 46. Ke3 Rg5 47. Qe6+ Kg7 48. Kf4 Bd5 49. Qe7+ Kg6 50. Qe8+ Kg7 51. Qd7+ Kg6 52. Qe8+ Kf6 53. Qf8+ Kg6 54. Qe8+ Kg7 55. Qe7+ Kg6 56. Qe8+ 1/2-1/2

[Event "Titled Tuesday intern op 02nd Apr Late"]
[Site "Chess.com INT"]
[Date "2024.04.02"]
[Round "11"]
[White "Abarca Gonzalez, Nicolas"]
[Black "Budhidharma, Nayaka"]
[Result "1-0"]
[WhiteElo "2387"]
[BlackElo "2223"]
[PlyCount "99"]
[EventDate "2024.04.02"]
[EventType "swiss (blitz)"]
[EventRounds "11"]
[EventCountry "USA"]
[SourceTitle "CB15_2024"]
[SourceDate "2024.04.10"]
[SourceVersion "1"]
[SourceVersionDate "2024.04.10"]
[SourceQuality "1"]

1. e4 c5 2. Nf3 g6 3. h4 Nc6 4. h5 Bg7 5. Nc3 d6 6. Bc4 e6 7. a3 Nge7 8. h6 Bf6 9. Ba2 d5 10. d3 Bxc3+ 11. bxc3 dxe4 12. Ng5 exd3 13. 0-0 Nf5 14. Ne4 f6 15. Nxc5 Qe7 16. Nxd3 e5 17. Re1 Be6 18. Bxe6 Qxe6 19. Nc5 Qe7 20. Qd5 Rd8 21. Qc4 Qf7 22. Qxf7+ Kxf7 23. Nxb7 Rd5 24. c4 Rd4 25. Be3 Rxc4 26. Rad1 Rb8 27. Rd7+ Ke6 28. Rxh7 Nce7 29. Nc5+ Kd5 30. Nd7 Rd8 31. Nxf6+ Ke6 32. Bg5 Rxc2 33. Ne4 Rd4 34. g4 Nd5 35. Rh8 Nd6 36. Ng3 Rxg4 37. Be3 Ne4 38. Re8+ Kf7 39. Rxe5 Nxg3 40. Rxd5 Ne2+ 41. Kh1 Nc3 42. Rd7+ Ke6 43. Rd4 Ne4 44. h7 Rh4+ 45. Kg2 Kf5 46. Rxe4 Kxe4 47. Bh6+ Kf5 48. h8Q Rg4+ 49. Kf3 Rc3+ 50. Re3 1-0

[Event "Titled Tuesday intern op 02nd Apr Late"]
[Site "Chess.com INT"]
[Date "2024.04.02"]
[Round "5"]
[White "Budhidharma, Nayaka"]
[Black "Tokhirjonova, Gulruhbegim"]
[Result "0-1"]
[WhiteElo "2223"]
[BlackElo "2357"]
[PlyCount "60"]
[EventDate "2024.04.02"]
[EventType "swiss (blitz)"]
[EventRounds "11"]
[EventCountry "USA"]
[SourceTitle "CB15_2024"]
[SourceDate "2024.04.10"]
[SourceVersion "1"]
[SourceVersionDate "2024.04.10"]
[SourceQuality "1"]

1. e4 e5 2. Nf3 Nc6 3. d4 exd4 4. Nxd4 Nf6 5. Nxc6 bxc6 6. e5 Qe7 7. Qe2 Nd5 8. h4 a5 9. g3 a4 10. c4 Ba6 11. Bg2 g6 12. 0-0 Bg7 13. Re1 0-0 14. Nd2 Rae8 15. Nf3 f6 16. Qd1 Bxc4 17. Qxa4 Bb5 18. Qc2 fxe5 19. Bg5 Qf7 20. a4 Ba6 21. Re4 h6 22. Bd2 Qf5 23. Rae1 Rb8 24. g4 Qf7 25. Qc1 Rb3 26. Bxh6 Rxf3 27. Bxg7 Kxg7 28. Bxf3 Qxf3 29. Qd2 Nf4 30. Rxf4 Rxf4 0-1

[Event "Titled Tuesday intern op 13th Feb Late"]
[Site "Chess.com INT"]
[Date "2024.02.13"]
[Round "2"]
[White "Budhidharma, Nayaka"]
[Black "Boder, Jan"]
[Result "0-1"]
[WhiteElo "2137"]
[BlackElo "2328"]
[PlyCount "68"]
[EventDate "2024.02.13"]
[EventType "swiss (blitz)"]
[EventRounds "11"]
[EventCountry "USA"]
[SourceTitle "CB08_2024"]
[SourceDate "2024.02.21"]
[SourceVersion "1"]
[SourceVersionDate "2024.02.21"]
[SourceQuality "1"]

1. d4 Nf6 2. Bg5 e6 3. Nd2 d5 4. e3 Be7 5. Bd3 h6 6. Bxf6 Bxf6 7. f4 c5 8. c3 cxd4 9. cxd4 Nc6 10. Ngf3 0-0 11. 0-0 Nb4 12. Bb1 b6 13. a3 Nc6 14. Ne5 Nxe5 15. fxe5 Bg5 16. Rf3 f5 17. exf6 Rxf6 18. Qc2 Rxf3 19. Nxf3 Bxe3+ 20. Kh1 Qf6 21. Qh7+ Kf7 22. Bd3 Ke7 23. Ne5 Bxd4 24. Nc6+ Kd6 25. Rf1 Kxc6 26. Rxf6 Bxf6 27. Qg8 Kc7 28. Qe8 a6 29. b4 Rb8 30. b5 Bd7 31. Qf7 axb5 32. Bxb5 Rd8 33. Bxd7 Rxd7 34. Qxe6 Re7 0-1

[Event "Titled Tuesday intern op 13th Feb Late"]
[Site "Chess.com INT"]
[Date "2024.02.13"]
[Round "9"]
[White "Budhidharma, Nayaka"]
[Black "Pranav, V."]
[Result "0-1"]
[WhiteElo "2137"]
[BlackElo "2611"]
[PlyCount "66"]
[EventDate "2024.02.13"]
[EventType "swiss (blitz)"]
[EventRounds "11"]
[EventCountry "USA"]
[SourceTitle "CB08_2024"]
[SourceDate "2024.02.21"]
[SourceVersion "1"]
[SourceVersionDate "2024.02.21"]
[SourceQuality "1"]

1. e4 e5 2. Nf3 Nc6 3. d4 exd4 4. Nxd4 Bc5 5. Nb3 Bb6 6. Nc3 Nf6 7. Qe2 a5 8. a4 0-0 9. Bg5 h6 10. Bh4 d6 11. 0-0-0 Be6 12. Nd5 Bxd5 13. exd5 Re8 14. Qf3 Ne5 15. Bxf6 Qxf6 16. Qxf6 gxf6 17. f3 f5 18. Nd4 f4 19. Bb5 Rf8 20. Nf5 Kh7 21. Rde1 Rg8 22. g4 Nxf3 23. Re7 Ne5 24. h3 h5 25. Kd2 Kg6 26. Bd3 Kf6 27. Rf1 Rg5 28. Rxe5 dxe5 29. Ng3 Ke7 30. Nxh5 Rh8 31. Be4 f5 32. Bxf5 Rxf5 33. gxf5 Rxh5 0-1

[Event "Bekasi Percasi op 1st"]
[Site "Bekasi"]
[Date "2023.11.01"]
[Round "1"]
[White "Budhidharma, Nayaka"]
[Black "Ulayya, Adeeba Izzah Mumtaz"]
[Result "1-0"]
[WhiteElo "2092"]
[BlackElo "1540"]
[PlyCount "65"]
[EventDate "2023.11.01"]
[EventType "swiss"]
[EventRounds "9"]
[EventCountry "INA"]
[SourceTitle "CB46_2023"]
[SourceDate "2023.11.15"]
[SourceVersion "1"]
[SourceVersionDate "2023.11.15"]
[SourceQuality "1"]

1. d4 d5 2. c4 e6 3. Nf3 Nf6 4. g3 c5 5. cxd5 Nxd5 6. Bg2 Nc6 7. 0-0 Be7 8. dxc5 Bxc5 9. a3 a6 10. b4 Be7 11. e4 Nf6 12. Qc2 0-0 13. Bb2 Bd7 14. Nbd2 Rc8 15. Qb3 b5 16. Bc3 Qb6 17. Qb2 Rfd8 18. Nb3 Ne8 19. h4 f6 20. e5 Nxe5 21. Nxe5 fxe5 22. Bxe5 Bc6 23. Bd4 Qb8 24. Bh3 Bd5 25. Rfe1 Rc6 26. Be5 Bd6 27. Bxd6 Qxd6 28. Nd4 Rb6 29. Nxe6 Bxe6 30. Rxe6 Qb8 31. Re7 Rb7 32. Qb3+ Kh8 33. Qf7 1-0

[Event "Asia zt 3.3"]
[Site "Jakarta"]
[Date "2023.05.09"]
[Round "5"]
[White "Budhidharma, Nayaka"]
[Black "Ali, Muhammad Lutfi"]
[Result "0-1"]
[WhiteElo "1968"]
[BlackElo "2369"]
[PlyCount "94"]
[EventDate "2023.05.06"]
[EventType "swiss"]
[EventRounds "9"]
[EventCountry "INA"]
[SourceTitle "CBM 214 Extra"]
[Source "ChessBase"]
[SourceDate "2023.07.31"]
[SourceVersion "1"]
[SourceVersionDate "2023.07.31"]
[SourceQuality "1"]

1. e4 g6 2. d4 Bg7 3. Nc3 c6 4. Bc4 d6 5. Nf3 Nf6 6. 0-0 b5 7. Bd3 0-0 8. Re1 Nbd7 9. e5 dxe5 10. dxe5 Ng4 11. Bf4 b4 12. Nb1 Nc5 13. Qd2 Nxd3 14. cxd3 f6 15. exf6 Nxf6 16. d4 c5 17. dxc5 Bb7 18. Be5 Bxf3 19. Qxd8 Rfxd8 20. gxf3 Rac8 21. a3 a5 22. axb4 axb4 23. Ra7 Bf8 24. Rb7 Nd7 25. Bd4 e5 26. Be3 Nxc5 27. Rb5 Nd3 28. Re2 Nf4 29. Re1 Rc2 30. b3 Rb2 31. h4 Rxb1 32. Rxb1 Ne2+ 33. Kg2 Nc3 34. Bg5 Re8 35. Rxb4 Bxb4 36. Re1 Kf7 37. Kg3 Bd6 38. Bd2 Nd5 39. Kg2 h5 40. Rd1 Ke6 41. Re1 Rb8 42. f4 Rxb3 43. fxe5 Bb4 44. Bxb4 Rxb4 45. Kg3 Rg4+ 46. Kf3 Rxh4 47. Rg1 Rf4+ 0-1

[Event "Asia zt 3.3"]
[Site "Jakarta"]
[Date "2023.05.08"]
[Round "3"]
[White "Budhidharma, Nayaka"]
[Black "Amilal, Munkhdalai"]
[Result "0-1"]
[WhiteElo "1968"]
[BlackElo "2141"]
[PlyCount "86"]
[EventDate "2023.05.06"]
[EventType "swiss"]
[EventRounds "9"]
[EventCountry "INA"]
[SourceTitle "CBM 214 Extra"]
[Source "ChessBase"]
[SourceDate "2023.07.31"]
[SourceVersion "1"]
[SourceVersionDate "2023.07.31"]
[SourceQuality "1"]

1. e4 c5 2. Nc3 e6 3. Nge2 Nc6 4. g3 Nge7 5. Bg2 Nd4 6. 0-0 Nec6 7. f4 Be7 8. d3 Qc7 9. Be3 a6 10. e5 d5 11. exd6 Bxd6 12. Ne4 Be7 13. c3 Nf5 14. Bf2 b6 15. d4 cxd4 16. cxd4 Bb7 17. d5 Rd8 18. Qb3 Rxd5 19. Bxb6 Qc8 20. N4c3 Rd7 21. Qa4 Nb8 22. Bxb7 Qxb7 23. Bf2 0-0 24. Qc2 Rfd8 25. Rad1 h5 26. Rxd7 Nxd7 27. Rd1 Nf6 28. Rxd8+ Bxd8 29. Qb3 Qa8 30. h3 Be7 31. Qd1 Qc6 32. Nd4 Qb7 33. Qb3 Qa8 34. Nxe6 h4 35. gxh4 Ne4 36. Nc7 Qc6 37. Nxe4 Qxe4 38. Nd5 Bxh4 39. Qb8+ Kh7 40. Qe5 Qb1+ 41. Kg2 Qc2 42. Qe1 Bxf2 43. Qxf2 Qe4+ 0-1

[Event "Asia zt 3.3"]
[Site "Jakarta"]
[Date "2023.05.07"]
[Round "2"]
[White "Setyaki, Azarya Jodi"]
[Black "Budhidharma, Nayaka"]
[Result "1-0"]
[WhiteElo "2414"]
[BlackElo "1968"]
[PlyCount "83"]
[EventDate "2023.05.06"]
[EventType "swiss"]
[EventRounds "9"]
[EventCountry "INA"]
[SourceTitle "CBM 214 Extra"]
[Source "ChessBase"]
[SourceDate "2023.07.31"]
[SourceVersion "1"]
[SourceVersionDate "2023.07.31"]
[SourceQuality "1"]

1. e4 c5 2. Nf3 Nc6 3. d4 cxd4 4. Nxd4 e5 5. Nb5 a6 6. Nd6+ Bxd6 7. Qxd6 Qf6 8. Qd1 Qg6 9. Nc3 d5 10. Nxd5 Qxe4+ 11. Be3 Nd4 12. Nc7+ Ke7 13. Rc1 Bg4 14. Qd3 Qxd3 15. Bxd3 Rd8 16. h3 Bh5 17. f4 f6 18. Kf2 Kd6 19. c3 Kxc7 20. cxd4+ Kb8 21. fxe5 fxe5 22. Rc5 Bf7 23. Rxe5 Bxa2 24. b3 Bxb3 25. Bxa6 Bd5 26. Rb1 Nf6 27. Bf4 Ka7 28. Bxb7 Bxb7 29. Ra5+ Ba6 30. Rba1 Kb7 31. Rxa6 Rxd4 32. Be3 Ne4+ 33. Ke1 Rb4 34. Re6 Nc3 35. Ra7+ Kb8 36. Rxg7 Nd5 37. Ba7+ Ka8 38. Ra6 Re8+ 39. Kf2 Rb1 40. Kg3 Rb3+ 41. Kh2 Rb7 42. Bf2+ 1-0

[Event "Asia zt 3.3"]
[Site "Jakarta"]
[Date "2023.05.06"]
[Round "1"]
[White "Budhidharma, Nayaka"]
[Black "Mohamad, Ervan"]
[Result "1/2-1/2"]
[WhiteElo "1968"]
[BlackElo "2404"]
[PlyCount "115"]
[EventDate "2023.05.06"]
[EventType "swiss"]
[EventRounds "9"]
[EventCountry "INA"]
[SourceTitle "CBM 214 Extra"]
[Source "ChessBase"]
[SourceDate "2023.07.31"]
[SourceVersion "1"]
[SourceVersionDate "2023.07.31"]
[SourceQuality "1"]

1. e4 e5 2. Nf3 Nc6 3. d4 exd4 4. Nxd4 Bc5 5. Nb3 Bb6 6. Nc3 Nf6 7. Bg5 h6 8. Bh4 d6 9. Qe2 Be6 10. Nd5 g5 11. Bg3 Bxd5 12. exd5+ Ne7 13. Qf3 Nfxd5 14. 0-0-0 Nf4 15. Bxf4 gxf4 16. c4 Qc8 17. c5 Bxc5 18. Nxc5 dxc5 19. Bc4 0-0 20. Qxf4 Ng6 21. Qxh6 Qg4 22. Bd5 c6 23. Bf3 Qc4+ 24. Kb1 Rad8 25. h4 Qf4 26. Qxf4 Nxf4 27. Rhe1 Ne6 28. Rxd8 Rxd8 29. Bg4 Nf4 30. g3 Nd3 31. Re7 Nxf2 32. Bh5 f5 33. Bg6 Ne4 34. Bxf5 Nxg3 35. Be6+ Kh8 36. Rxb7 Rd4 37. Rxa7 Rxh4 38. a4 Ne2 39. a5 Rh1+ 40. Ka2 Nc1+ 41. Ka3 Ne2 42. Ra8+ Kg7 43. b3 Nd4 44. Bc4 Nc2+ 45. Kb2 Nb4 46. a6 Rh2+ 47. Kc1 Ra2 48. Kb1 Ra5 49. Kc1 Ra2 50. Kd1 Nd5 51. Kc1 Nb6 52. Ra7+ Kf6 53. Kb1 Ra5 54. Kb2 Nxc4+ 55. bxc4 Ke6 56. Kb3 Kd6 57. Kc3 Ra3+ 58. Kb2 1/2-1/2

[Event "Eastern Asia-ch U14 4th"]
[Site "Bangkok"]
[Date "2019.08.05"]
[Round "5.1"]
[White "Budhidharma, Nayaka"]
[Black "Temuujin, Kherlen"]
[Result "1-0"]
[WhiteElo "1653"]
[BlackElo "1707"]
[PlyCount "117"]
[EventDate "2019.08.02"]
[EventType "swiss"]
[EventRounds "9"]
[EventCountry "THA"]
[SourceTitle "EXT 2024"]
[Source "ChessBase"]
[SourceDate "2023.10.10"]
[SourceVersion "1"]
[SourceVersionDate "2023.10.10"]
[SourceQuality "1"]

1. e4 e6 2. d4 d5 3. e5 c5 4. c3 Nc6 5. Nf3 Qb6 6. a3 Nh6 7. b4 cxd4 8. cxd4 Nf5 9. Bb2 h5 10. Bd3 Bd7 11. Bxf5 exf5 12. Nc3 Be6 13. Rc1 Be7 14. Qd3 0-0 15. 0-0 Rac8 16. Rc2 Qd8 17. Ne2 Qd7 18. Nf4 g6 19. Rfc1 a6 20. Qb3 Na7 21. Nd3 b6 22. h4 Rc4 23. g3 Rfc8 24. Nd2 Kh7 25. Nf4 Rxc2 26. Rxc2 Rxc2 27. Qxc2 Qc6 28. Qxc6 Nxc6 29. Nb1 Bf8 30. Nc3 Ne7 31. Na4 Nc8 32. Nc3 Ne7 33. b5 a5 34. a4 Bh6 35. Ba3 Bxf4 36. Bxe7 Bd2 37. Nb1 Bb4 38. Bxb4 axb4 39. f4 Kg7 40. Kf2 Kf8 41. Ke2 Ke7 42. Kd2 Kd7 43. Kc2 Kc7 44. Kb3 Kb7 45. Kxb4 Ka7 46. Nd2 Bd7 47. a5 Be6 48. Nb1 Bd7 49. Nc3 Be6 50. axb6+ Kxb6 51. Na4+ Ka7 52. Kc5 Kb7 53. Nc3 Ka7 54. Nxd5 Kb7 55. Nf6 Kc7 56. d5 Bc8 57. b6+ Kd8 58. Kc6 Ba6 59. b7 1-0